000
00373nam a22001457a 4500
999
_c
170701
_d
170701
005
20191223125746.0
010
_a
A-213087
035
_a
A-213087
082
_a
841
100
_a
عزیز بارہ نکوی
245
_a
کیف غم /
_c
غزیز بارہ نکوی
260
_c
1983 ء
300
_a
104p.
_c
20cm(Hb)
942
_2
ddc
_c
UR
_h
841
_m
ع ز ی